<?xml version="1.0" encoding="UTF-8"?>
<record
    xmlns:xsi="http://www.w3.org/2001/XMLSchema-instance"
    xsi:schemaLocation="http://www.loc.gov/MARC21/slim http://www.loc.gov/standards/marcxml/schema/MARC21slim.xsd"
    xmlns="http://www.loc.gov/MARC21/slim">

  <leader>03375nam a2200349 i 4500</leader>
  <controlfield tag="003">DO-SdBNP</controlfield>
  <controlfield tag="005">20241030141145.0</controlfield>
  <controlfield tag="007">ta</controlfield>
  <controlfield tag="008">241018s2012    dr ao         000 0 spa d</controlfield>
  <datafield tag="020" ind1=" " ind2=" ">
    <subfield code="a">9789945404463</subfield>
  </datafield>
  <datafield tag="040" ind1=" " ind2=" ">
    <subfield code="a">DO-SdBNP</subfield>
    <subfield code="b">spa</subfield>
    <subfield code="c">BNPHU</subfield>
    <subfield code="e">rda</subfield>
  </datafield>
  <datafield tag="082" ind1=" " ind2=" ">
    <subfield code="a">972.9302 </subfield>
    <subfield code="b">P953 2012</subfield>
    <subfield code="2">22</subfield>
  </datafield>
  <datafield tag="245" ind1="1" ind2="0">
    <subfield code="a">Primicias de Am&#xE9;rica en la Rep&#xFA;blica Dominicana /</subfield>
    <subfield code="c">textos y asesor&#xED;a hist&#xF3;rica : Raymundo Gonz&#xE1;lez, Mar&#xED;a Ugarte ; colaboraci&#xF3;n especial : Manuel Salvador Gautier ; fotograf&#xED;a : Kutty Reyes, Jos&#xE9; Alney Uribe ; correcci&#xF3;n de estilo : Le&#xF3;n F&#xE9;lix Batista, Rafael Mart&#xED;nez Al&#xE9;s ; dise&#xF1;o y arte final : Carmen Nova</subfield>
  </datafield>
  <datafield tag="264" ind1=" " ind2="1">
    <subfield code="a">Santo Domingo :</subfield>
    <subfield code="b">Ministerio de Cultura</subfield>
    <subfield code="c">2012.</subfield>
  </datafield>
  <datafield tag="300" ind1=" " ind2=" ">
    <subfield code="a">94 p&#xE1;ginas,  </subfield>
    <subfield code="b">ilustraciones, fotograf&#xED;as</subfield>
    <subfield code="c">28 cm.</subfield>
  </datafield>
  <datafield tag="336" ind1=" " ind2=" ">
    <subfield code="2">rdacontent</subfield>
    <subfield code="a">texto</subfield>
    <subfield code="b">txt</subfield>
  </datafield>
  <datafield tag="337" ind1=" " ind2=" ">
    <subfield code="2">rdamedia</subfield>
    <subfield code="a">sin mediaci&#xF3;n </subfield>
    <subfield code="b">n</subfield>
  </datafield>
  <datafield tag="338" ind1=" " ind2=" ">
    <subfield code="2">rdacarrier</subfield>
    <subfield code="a">volumen</subfield>
    <subfield code="b">nc</subfield>
  </datafield>
  <datafield tag="505" ind1=" " ind2=" ">
    <subfield code="t">Primer Almirante de La Mar Oc&#xE9;ana, Primer Virrey y primer gobernador de las Indias -- </subfield>
    <subfield code="t">Primera misa oficiada en Am&#xE9;rica -- </subfield>
    <subfield code="t">Primera exploraci&#xF3;n europea del territorio americano o &#x201C;Camino de los Hidalgos&#x201D; -- </subfield>
    <subfield code="t">Primera villa europea en Am&#xE9;rica -- </subfield>
    <subfield code="t">Primer catequista y alfabetizador de los indios en Am&#xE9;rica -- </subfield>
    <subfield code="t">Primer cabildo de Am&#xE9;rica -- </subfield>
    <subfield code="t">Primer Santiago de Am&#xE9;rica -- </subfield>
    <subfield code="t">Primeras monedas met&#xE1;licas que circularon y se acu&#xF1;aron en Am&#xE9;rica -- </subfield>
    <subfield code="t">El Santo Cerro, primer santuario de Am&#xE9;rica -- </subfield>
    <subfield code="t">Primer ind&#xED;gena, bautizado en Am&#xE9;rica -- </subfield>
    <subfield code="t">Santo Domingo, primera capital de Las Indias -- </subfield>
    <subfield code="t">Primer libro en castellano escrito en Am&#xE9;rica -- </subfield>
    <subfield code="t">Primer hospital en Am&#xE9;rica -- </subfield>
    <subfield code="t">Primeras sedes de &#xF3;rdenes religiosas en Am&#xE9;rica -- </subfield>
    <subfield code="t">Primeros pobladores negros de Am&#xE9;rica -- </subfield>
    <subfield code="t">Primer monasterio de Am&#xE9;rica -- </subfield>
    <subfield code="t">Primera casa de comercio trasatl&#xE1;ntico en Am&#xE9;rica -- </subfield>
    <subfield code="t">Primera fortaleza de estilo medieval en Am&#xE9;rica -- </subfield>
    <subfield code="t">Primeros escudos de armas concedidos a ciudades americanas -- </subfield>
    <subfield code="t">Primera cepa de pl&#xE1;tano plantada en Am&#xE9;rica -- </subfield>
    <subfield code="t">Primer az&#xFA;car elaborado en Am&#xE9;rica -- </subfield>
    <subfield code="t">Primera di&#xF3;cesis y arquidi&#xF3;cesis de Am&#xE9;rica -- </subfield>
    <subfield code="t">Primeras Casas Reales en Am&#xE9;rica -- </subfield>
    <subfield code="t">Primera corte virreinal en Am&#xE9;rica -- </subfield>
    <subfield code="t">Primer clamor por la justicia en Am&#xE9;rica -- </subfield>
    <subfield code="t">Primera Real Audiencia de Am&#xE9;rica -- </subfield>
    <subfield code="t">Primeras rebeliones ind&#xED;genas por la libertad en Am&#xE9;rica -- </subfield>
    <subfield code="t">Primera revuelta de esclavos negros en Am&#xE9;rica -- </subfield>
    <subfield code="t">Virgen de la Antigua: Primera pintura Europea en Am&#xE9;rica -- </subfield>
    <subfield code="t">Primera Atarazana a usanza Europea de Am&#xE9;rica -- </subfield>
    <subfield code="t">Primer acuerdo de paz en Am&#xE9;rica -- </subfield>
    <subfield code="t">Primera universidad de Am&#xE9;rica -- </subfield>
    <subfield code="t">Bas&#xED;lica Catedral Metropolitana de Santo Domingo, Santa Mar&#xED;a de la Encarnaci&#xF3;n, Primada de Am&#xE9;rica, /</subfield>
  </datafield>
  <datafield tag="590" ind1=" " ind2=" ">
    <subfield code="a">Inventariado, 2024/ YL</subfield>
  </datafield>
  <datafield tag="650" ind1=" " ind2="4">
    <subfield code="a">Monumentos coloniales</subfield>
    <subfield code="z">Rep&#xFA;blica Dominicana</subfield>
    <subfield code="9">86726</subfield>
  </datafield>
  <datafield tag="700" ind1=" " ind2=" ">
    <subfield code="4">tex.</subfield>
    <subfield code="a">Gonz&#xE1;lez, Raymundo </subfield>
    <subfield code="e">textos y asesor&#xED;a hist&#xF3;rica </subfield>
    <subfield code="9">6373</subfield>
  </datafield>
  <datafield tag="700" ind1="1" ind2=" ">
    <subfield code="4">tex.</subfield>
    <subfield code="a">Ugarte, Mar&#xED;a</subfield>
    <subfield code="d">1914-2011</subfield>
    <subfield code="e">textos y asesor&#xED;a hist&#xF3;rica </subfield>
    <subfield code="9">24078</subfield>
  </datafield>
  <datafield tag="700" ind1=" " ind2=" ">
    <subfield code="4">col.</subfield>
    <subfield code="a">Gautier,  Manuel Salvador </subfield>
    <subfield code="e">colaboraci&#xF3;n especial </subfield>
    <subfield code="9">14947</subfield>
  </datafield>
  <datafield tag="700" ind1=" " ind2=" ">
    <subfield code="4">fot.</subfield>
    <subfield code="a">Reyes, Kutty </subfield>
    <subfield code="e">fotograf&#xED;a </subfield>
    <subfield code="9">81107</subfield>
  </datafield>
  <datafield tag="700" ind1=" " ind2=" ">
    <subfield code="4">fot.</subfield>
    <subfield code="a">Alney Uribe,  Jos&#xE9; </subfield>
    <subfield code="e">fotograf&#xED;a </subfield>
    <subfield code="9">86727</subfield>
  </datafield>
  <datafield tag="700" ind1=" " ind2=" ">
    <subfield code="4">corr.</subfield>
    <subfield code="a">F&#xE9;lix Batista, Le&#xF3;n </subfield>
    <subfield code="e">correcci&#xF3;n de estilo </subfield>
    <subfield code="9">85096</subfield>
  </datafield>
  <datafield tag="700" ind1=" " ind2=" ">
    <subfield code="4">corr.</subfield>
    <subfield code="a">Mart&#xED;nez Al&#xE9;s, Rafael </subfield>
    <subfield code="e">correcci&#xF3;n de estilo </subfield>
    <subfield code="9">5738</subfield>
  </datafield>
  <datafield tag="700" ind1=" " ind2=" ">
    <subfield code="4">dis.</subfield>
    <subfield code="a">Nova, Carmen </subfield>
    <subfield code="e">dise&#xF1;o y arte final </subfield>
    <subfield code="9">86728</subfield>
  </datafield>
  <datafield tag="910" ind1=" " ind2=" ">
    <subfield code="a">YLockward</subfield>
  </datafield>
  <datafield tag="942" ind1=" " ind2=" ">
    <subfield code="2">ddc</subfield>
    <subfield code="c">LBS1</subfield>
  </datafield>
  <datafield tag="952" ind1=" " ind2=" ">
    <subfield code="0">0</subfield>
    <subfield code="1">0</subfield>
    <subfield code="2">ddc</subfield>
    <subfield code="5">1</subfield>
    <subfield code="7">0</subfield>
    <subfield code="8">PD</subfield>
    <subfield code="a">BNPHU</subfield>
    <subfield code="b">BNPHU</subfield>
    <subfield code="c">CT</subfield>
    <subfield code="d">2022-02-09</subfield>
    <subfield code="e">Donado por V&#xED;ctor Hugo</subfield>
    <subfield code="l">0</subfield>
    <subfield code="o">BNPHU PD 972.9302  P953 2012</subfield>
    <subfield code="p">2024-5988</subfield>
    <subfield code="r">2024-10-18</subfield>
    <subfield code="w">2024-10-18</subfield>
    <subfield code="y">LBS1</subfield>
  </datafield>
  <datafield tag="999" ind1=" " ind2=" ">
    <subfield code="c">57906</subfield>
    <subfield code="d">57906</subfield>
  </datafield>
</record>
